000 00787cam a2200229 4500
001 ABS68404
008 041117n2004 000 0 eng u
035 _a(Sirsi) u128023
100 _aParker, D.
245 _aTimber engineering
260 _c2004
490 _aNew Civil Engineer
_v11 November 2004, 23-30(8)
520 _aSeries of articles looking at modern applications of timber. Looks at recent and current construction projects which include a library, a headquarters building, a visitor centre and a bridge.
590 _aABS
590 _aABS
650 _aTIMBER ENGINEERING
650 _aCONSTRUCTION DESIGN
650 _aCONSTRUCTION PROJECTS
650 _aTIMBER FRAME BUILDINGS
690 _aBUILDING AND CONSTRUCTION-DESIGN AND STRUCTURES
942 _n0
999 _c118328
_d118328